[Event "The Olympic Chess Games 1 / KO/ For All/ Have Fun"]
[Site "SchemingMind.com"]
[Date "2010.04.08"]
[Round "-"]
[White "Sir_Grantis1"]
[Black "BishopVesey"]
[Result "0-1"]
[WhiteCountry "USA"]
[BlackCountry "ENG"]
[WhiteElo "1829"]
[WhiteRD "101"]
[BlackElo "2283"]
[BlackRD "84"]
[GameID "244533"]

1. d4 Nf6 2. c4 e6 3. Nc3 Bb4 4. Qc2 O-O 5. a3 Bxc3+ 6. Qxc3 b6 7. Bg5 Ba6 8. Nf3 h6 9. Bxf6 Qxf6 10. e3 c5
11. Be2 Nc6 12. O-O d5 13. Rfd1 cxd4 14. exd4 Na5 15. Ne5 Bxc4 16. Bxc4 Rfc8 17. b3 dxc4 18. Nxc4 Rc6 19. Qd3 Rac8 20. Nxa5 Rc2
21. Rd2 R2c3 22. Qa6 Rc1+ 23. Rd1 R8c2 24. Qf1 Rxa1 25. Rxa1 bxa5 26. Rd1 Qf5 27. f3 Rc3 28. Rb1 Qc2 29. h3 a4 30. bxa4 Rxa3
31. Rb8+ Kh7 32. Qb1 Qxb1+ 33. Rxb1 Rxa4 34. Rb7 Kg6 35. Kf2 a5 36. Ke3 Ra2 37. g3 a4 38. Ra7 Ra1
0-1

[Event "The Olympic Chess Games 1 / KO/ For All/ Have Fun"]
[Site "SchemingMind.com"]
[Date "2010.04.07"]
[Round "-"]
[White "BishopVesey"]
[Black "Sir_Grantis1"]
[Result "1-0"]
[WhiteCountry "ENG"]
[BlackCountry "USA"]
[WhiteElo "2233"]
[WhiteRD "88"]
[BlackElo "1834"]
[BlackRD "97"]
[GameID "244540"]

1. c4 e5 2. g3 c6 3. Nf3 e4 4. Nd4 d5 5. cxd5 cxd5 6. Nc3 Nf6 7. d3 Bc5 8. Nb3 Bb6 9. dxe4 d4 10. Na4 Nc6
11. Bg2 O-O 12. O-O Re8 13. Bg5 Be6 14. Rc1 h6 15. Bxf6 Qxf6 16. Nbc5 Bxa2 17. b3 Qe7 18. Qd2 Rac8 19. Qxa2 Nb4 20. Qd2 Rxc5
21. Nxb6 axb6 22. Qxd4 Nc6 23. Qe3 Rd8 24. Rcd1 Rc2 25. e5 Rxd1 26. Rxd1 Ra2 27. f4 Qc5 28. Qxc5 bxc5 29. Rd7 Nd4 30. Bd5 b5
31. b4 Rxe2 32. bxc5 Ne6 33. c6 Rc2 34. f5 Nd4 35. c7 b4 36. Rd8+ Kh7 37. c8=Q
1-0

[Event "The Olympic Chess Games 1 / KO/ For All/ Have Fun"]
[Site "SchemingMind.com"]
[Date "2010.04.16"]
[Round "-"]
[White "Midlander"]
[Black "MrPerry"]
[Result "1-0"]
[WhiteCountry "ENG"]
[BlackCountry "USA"]
[WhiteElo "2256"]
[WhiteRD "81"]
[BlackElo "1884"]
[BlackRD "98"]
[GameID "245337"]

1. d4 d5 2. c4 e5 3. dxe5 d4 4. Nf3 Nc6 5. a3 Nge7 6. b4 Ng6 7. Bb2 a5 8. b5 Ncxe5 9. Nxe5 Nxe5 10. e3 Be6
11. Bxd4 Nxc4 12. Qc2 Nd6 13. Bd3 Qg5 14. f4 Qh4+ 15. g3 Qh3 16. e4 Rd8 17. f5 Bc4 18. Nc3 Bxd3 19. Qxd3 Qg2 20. Rf1 Be7
21. Ra2 Qh3 22. Nd5 Rd7 23. Bxg7 Rg8 24. Bf6 Nc8 25. Bxe7 Nxe7 26. Nf6+
1-0

[Event "The Olympic Chess Games 1 / KO/ For All/ Have Fun"]
[Site "SchemingMind.com"]
[Date "2010.04.16"]
[Round "-"]
[White "MrPerry"]
[Black "Midlander"]
[Result "1/2-1/2"]
[WhiteCountry "USA"]
[BlackCountry "ENG"]
[WhiteElo "1890"]
[WhiteRD "94"]
[BlackElo "2253"]
[BlackRD "78"]
[GameID "245340"]

1. e4 c5 2. b4 cxb4 3. a3 d5 4. exd5 Qxd5 5. Nf3 e5 6. axb4 Bxb4 7. c3 Be7 8. Na3 Nc6 9. Nb5 Qd8 10. d4 exd4
11. Bf4 Kf8 12. Nc7 Rb8 13. Nb5 Ra8 14. Nc7=
1/2-1/2

[Event "The Olympic Chess Games 1 / KO/ For All/ Have Fun"]
[Site "SchemingMind.com"]
[Date "2010.06.11"]
[Round "-"]
[White "Netferatu"]
[Black "Zagloba"]
[Result "1-0"]
[WhiteCountry "ARG"]
[BlackCountry "POL"]
[WhiteElo "2319"]
[WhiteRD "124"]
[BlackElo "1810"]
[BlackRD "95"]
[GameID "251689"]

1. e4 d6 2. d4 Nf6 3. Nf3 Nxe4 4. Bb5+ c6 5. Bd3 d5 6. O-O g6 7. Re1 Nf6 8. Nc3 Bg7 9. Qe2 Bg4 10. Bf4 Bxf3
11. Qxf3 O-O 12. a4 a5 13. Ne2 Nbd7 14. Ng3 e6 15. c3 c5 16. Bd6 c4 17. Bxf8 Bxf8 18. Bc2 Bd6 19. Nf1 Qc7 20. h4 h5
21. Ne3 Kg7 22. Rec1 Re8 23. g3 Ng8 24. b3 f5 25. bxc4 dxc4 26. Rab1 b6 27. Re1 Ngf6 28. Rb5 e5 29. Nxf5+ gxf5 30. Qxf5 Kf8
31. Qg5 Re7 32. Qh6+ Kg8 33. Bf5 Rg7 34. Be6+ Kf8 35. dxe5 Bc5 36. Rxc5 Qxc5 37. exf6
1-0

[Event "The Olympic Chess Games 1 / KO/ For All/ Have Fun"]
[Site "SchemingMind.com"]
[Date "2010.06.11"]
[Round "-"]
[White "Zagloba"]
[Black "Netferatu"]
[Result "0-1"]
[WhiteCountry "POL"]
[BlackCountry "ARG"]
[WhiteElo "1827"]
[WhiteRD "87"]
[BlackElo "2312"]
[BlackRD "118"]
[GameID "251694"]

1. e4 c5 2. Nf3 d6 3. d4 cxd4 4. Qxd4 Nc6 5. Bb5 Bd7 6. Bxc6 Bxc6 7. Nc3 Nf6 8. Bg5 e6 9. O-O-O Be7 10. Rhe1 O-O
11. Kb1 h6 12. Bxf6 Bxf6 13. Qxd6 Qb6 14. e5 Rad8 15. Qa3 Bxf3 16. gxf3 Bh4 17. Rd6 Qxf2 18. Red1 Be7
0-1

[Event "The Olympic Chess Games 1 / KO/ For All/ Have Fun"]
[Site "SchemingMind.com"]
[Date "2010.06.16"]
[Round "-"]
[White "Baeron"]
[Black "Naoki_M"]
[Result "1-0"]
[WhiteCountry "SUI"]
[BlackCountry "JPN"]
[WhiteElo "2093"]
[WhiteRD "97"]
[BlackElo "1735"]
[BlackRD "72"]
[GameID "251799"]

1. c4 c5 2. g3 g6 3. Bg2 Nf6 4. Nc3 Bg7 5. Nf3 O-O 6. O-O d6 7. d4 cxd4 8. Nxd4 e5 9. Nc2 Nc6 10. b3 a6
11. Qd2 Bd7 12. Qxd6 Bf5 13. Qxd8 Raxd8 14. Ne3 e4 15. Ba3 Rfe8 16. Rad1 Nd7 17. Ncd5 Bf8 18. Bxf8 Rxf8 19. Nxf5 gxf5 20. Bh3 Kg7
21. Bxf5 Nf6 22. Nxf6 Kxf6 23. Bxe4 h6 24. Kg2 Kg7 25. f4 f5 26. Bf3 Kg6 27. e4 fxe4 28. Bxe4+ Kf6 29. Bf3 Rfe8 30. Rxd8 Rxd8
31. Rd1 Rxd1 32. Bxd1 a5 33. Bf3 Ke7 34. Bxc6 bxc6 35. Kf3 Kf6 36. Ke4 Ke6 37. g4 Kf6 38. h4 Ke6 39. h5 Kf6 40. a3 Ke6
41. g5 Kf7 42. b4 a4 43. b5
1-0

[Event "The Olympic Chess Games 1 / KO/ For All/ Have Fun"]
[Site "SchemingMind.com"]
[Date "2010.06.16"]
[Round "-"]
[White "Naoki_M"]
[Black "Baeron"]
[Result "0-1"]
[WhiteCountry "JPN"]
[BlackCountry "SUI"]
[WhiteElo "1718"]
[WhiteRD "75"]
[BlackElo "2061"]
[BlackRD "98"]
[GameID "251803"]

1. e4 c5 2. Nf3 Nc6 3. d4 cxd4 4. Nxd4 e5 5. Nb5 d6 6. c4 Be7 7. Be2 f5 8. N1c3 a6 9. Na3 Nf6 10. O-O f4
11. Bf3 O-O 12. Nd5 Kh8 13. Nc2 g5 14. h3 Be6 15. b3 Rg8 16. Kh2 Bxd5 17. cxd5 Nb8 18. Bd2 Qd7 19. g4 Bd8 20. Rc1 Bb6
21. Na3 Qe7 22. Nc4 Bc5 23. Ba5 Nbd7 24. a4 b5 25. Nb2 Ba3 26. Rc2 Bxb2 27. Rxb2 Nc5 28. Re1 Rgb8 29. Ree2 bxa4 30. bxa4 Rxb2
31. Rxb2 Nfxe4 32. Bxe4 Nxe4 33. f3 Nc5 34. Bc3 Qd7 35. Rb4 Qc7 36. Rc4 Qb6 37. Bxe5+ dxe5 38. d6 Rb8 39. h4 Ne6 40. d7 Qf2+
41. Kh1 Kg7 42. Rc2 Qd4 43. Qxd4 exd4 44. Rc8 Rb1+ 45. Kg2 d3 46. d8=Q Nxd8 47. Rxd8 Rb2+ 48. Kh3 d2 49. hxg5 Kg6 50. Rg8+ Kf7
51. Rd8 Ra2 52. Rd4 Kg6 53. Rd5 Rb2 54. a5 Ra2
0-1

[Event "The Olympic Chess Games 1 / KO/ For All/ Have Fun"]
[Site "SchemingMind.com"]
[Date "2010.06.16"]
[Round "-"]
[White "mmccaffe"]
[Black "highway61"]
[Result "1-0"]
[WhiteCountry "USA"]
[BlackCountry "USA"]
[WhiteElo "1744"]
[WhiteRD "59"]
[BlackElo "1717"]
[BlackRD "94"]
[GameID "252111"]

1. e4 c6 2. d4 d5 3. Nc3 dxe4 4. Nxe4 Nd7 5. Nf3 Ngf6 6. Bd3 Nxe4 7. Bxe4 Nf6 8. Bd3 Bg4 9. c3 e6 10. h3 Bxf3
11. Qxf3 Bd6 12. Bg5 e5 13. Bxf6 Qxf6 14. Qxf6 gxf6 15. Kd2 O-O-O 16. Bf5+ Kc7 17. Kc2 Rdg8 18. g4 Rd8 19. Rad1 b5 20. Rd2 h6
21. f3 Rhe8 22. Rhd1 exd4 23. Rxd4 Re2+ 24. R1d2= Rh2 25. Rxd6 Rxd6 26. Rxh2 Rd5 27. Rd2 Kd6 28. Rxd5+ cxd5 29. Kd3 Ke5 30. Ke3 h5
31. f4+ Kd6 32. gxh5
1-0

[Event "The Olympic Chess Games 1 / KO/ For All/ Have Fun"]
[Site "SchemingMind.com"]
[Date "2010.06.17"]
[Round "-"]
[White "highway61"]
[Black "mmccaffe"]
[Result "1-0"]
[WhiteCountry "USA"]
[BlackCountry "USA"]
[WhiteElo "1717"]
[WhiteRD "94"]
[BlackElo "1744"]
[BlackRD "59"]
[GameID "252115"]

1. d4 Nf6 2. Nf3 g6 3. g3 Bg7 4. Bg2 O-O 5. O-O d6 6. c4 c6 7. Nc3 Nbd7 8. e4 e5 9. d5 c5 10. a3 a6
11. b4 cxb4 12. axb4 Qc7 13. Qe2 Nh5 14. Be3 f5 15. Ng5 Nb6 16. c5 dxc5 17. bxc5 Nd7 18. Ne6 Qa5 19. Rxa5
1-0

[Event "The Olympic Chess Games 1 / KO/ For All/ Have Fun"]
[Site "SchemingMind.com"]
[Date "2010.06.21"]
[Round "-"]
[White "Giuseppe"]
[Black "tyler_ensor"]
[Result "1-0"]
[WhiteCountry "ITA"]
[BlackCountry "CAN"]
[WhiteElo "2242"]
[WhiteRD "181"]
[BlackElo "1793"]
[BlackRD "66"]
[GameID "252170"]

1. e4 c5 2. Nf3 d6 3. Bc4 Nf6 4. Nc3 Nc6 5. d3 e6 6. O-O Be7 7. Bf4 a6 8. e5 dxe5 9. Nxe5 Nd4 10. Ne2 Nd5
11. Bxd5 Qxd5 12. Nc4 Bd8 13. Nd6+ Kf8 14. Nc3 Qc6 15. Nce4 Bc7 16. Qh5 Bxd6 17. Bxd6+ Kg8 18. Nf6+
1-0

[Event "The Olympic Chess Games 1 / KO/ For All/ Have Fun"]
[Site "SchemingMind.com"]
[Date "2010.06.17"]
[Round "-"]
[White "tyler_ensor"]
[Black "Giuseppe"]
[Result "0-1"]
[WhiteCountry "CAN"]
[BlackCountry "ITA"]
[WhiteElo "1793"]
[WhiteRD "66"]
[BlackElo "2242"]
[BlackRD "181"]
[GameID "252176"]

1. d4 Nf6 2. c4 g6 3. Nc3 d5 4. Bf4 Bg7 5. e3 c6 6. Nf3 Qb6 7. Qb3 Qxb3 8. axb3 Na6 9. Be2 Nh5 10. Bg3 Nxg3
11. hxg3 Nb4 12. Kd2 Bd7 13. Ne1 c5 14. cxd5 cxd4 15. Nb5 dxe3+ 16. Kxe3 Nxd5+ 17. Ke4 Bc6 18. Nxa7 Bxb2 19. Rb1 Nc3+ 20. Ke3 Nxb1
0-1

[Event "The Olympic Chess Games 1 / KO/ For All/ Have Fun"]
[Site "SchemingMind.com"]
[Date "2010.07.06"]
[Round "-"]
[White "Midlander"]
[Black "BishopVesey"]
[Result "1/2-1/2"]
[WhiteCountry "ENG"]
[BlackCountry "ENG"]
[WhiteElo "2267"]
[WhiteRD "70"]
[BlackElo "2332"]
[BlackRD "76"]
[GameID "253496"]

1. c4 c6 2. d4 d5 3. cxd5 cxd5 4. Nf3 Nf6 5. Nc3 g6 6. Bf4 Nc6 7. e3 Nh5 8. Be5 f6 9. Bg3 Nxg3 10. hxg3 Be6
11. Qb3 Rb8 12. Bb5 a6 13. Bxc6+ bxc6 14. Qc2 Bf5 15. Qa4 Rxb2 16. Qxc6+ Kf7 17. Qxa6 e6 18. O-O Qd6 19. Qxd6 Bxd6 20. Na4 Rc2
21. Rfb1 Ra8 22. Rb7+ Rc7 23. Rxc7+ Bxc7 24. Nc5 Bd6 25. a4 Ke7 26. a5 e5 27. Nb7 Bc7 28. dxe5 fxe5 29. a6 Bd3 30. Nc5 Be2
31. Ne1 Bd6=
1/2-1/2

[Event "The Olympic Chess Games 1 / KO/ For All/ Have Fun"]
[Site "SchemingMind.com"]
[Date "2010.07.06"]
[Round "-"]
[White "BishopVesey"]
[Black "Midlander"]
[Result "1/2-1/2"]
[WhiteCountry "ENG"]
[BlackCountry "ENG"]
[WhiteElo "2332"]
[WhiteRD "76"]
[BlackElo "2267"]
[BlackRD "70"]
[GameID "253501"]

1. e4 c5 2. Nf3 d6 3. d4 cxd4 4. Nxd4 Nf6 5. Nc3 g6 6. Be3 Bg7 7. f3 O-O 8. Qd2 Nc6 9. O-O-O d5 10. exd5 Nxd5
11. Nxc6 bxc6 12. Bd4 Nxc3 13. Qxc3 Bh6+ 14. Be3 Bxe3+ 15. Qxe3 Qb6 16. Qxe7 Be6 17. Qa3 Rad8 18. Re1 Rd5 19. Bc4 Ra5 20. Qc3 Bxc4
21. Qxc4 Rb8 22. b3 Rxa2 23. Re7 Rf8 24. Qc3 Ra5 25. Kb2 Rc5 26. Qe3 Rd5 27. Ra1 Qxe3 28. Rxe3 a5 29. g3 Rfd8 30. h4 Kg7=
1/2-1/2

[Event "The Olympic Chess Games 1 / KO/ For All/ Have Fun"]
[Site "SchemingMind.com"]
[Date "2010.07.29"]
[Round "-"]
[White "winston"]
[Black "reo"]
[Result "0-1"]
[WhiteCountry "PHI"]
[BlackCountry "THA"]
[WhiteElo "1752"]
[WhiteRD "143"]
[BlackElo "1780"]
[BlackRD "81"]
[GameID "255564"]

1. e4 c5 2. Nf3 d6 3. d4 cxd4 4. Nxd4 Nf6 5. Nc3 a6 6. Bd3 Nc6 7. Nxc6 bxc6 8. O-O g6 9. Bg5 Bg7 10. Qc1 O-O
11. Bh6 e5 12. Bxg7 Kxg7 13. f4 Ra7 14. fxe5 dxe5 15. Qe3 Qe7 16. a4 Ng4 17. Qb6 Rb7 18. Qxc6 Rxb2 19. Nd5 Qa7+ 20. Kh1 Nf2+
21. Rxf2 Qxf2 22. Rf1 Bb7 23. Qc3 Qd4 24. Qxd4 exd4 25. Nf6 Ra2 26. Nd7 Rc8 27. h3 a5 28. Ne5 Rc7 29. Nxf7 Rxa4 30. Nd6 Bc6
31. e5 Re7 32. Nc4 Ra2 33. Rf6 Bb5 34. Rd6 Bxc4 35. Bxc4 Rxc2 36. Rxd4 a4 37. e6 a3 38. Rd7 Rxd7 39. exd7 Rd2 40. Be6 Kf6
0-1

[Event "The Olympic Chess Games 1 / KO/ For All/ Have Fun"]
[Site "SchemingMind.com"]
[Date "2010.07.29"]
[Round "-"]
[White "reo"]
[Black "winston"]
[Result "1-0"]
[WhiteCountry "THA"]
[BlackCountry "PHI"]
[WhiteElo "1804"]
[WhiteRD "81"]
[BlackElo "1807"]
[BlackRD "152"]
[GameID "255570"]

1. d4 Nf6 2. c4 e6 3. Nf3 c5 4. Nc3 Be7 5. e4 cxd4 6. Nxd4 O-O 7. Bd3 Nc6 8. Be3 Nxd4 9. Bxd4 d6 10. O-O b6
11. Qc2 Ng4 12. Qe2 e5 13. Be3 Bg5 14. Bxg5 Qxg5 15. Nd5 Bd7 16. Rad1 Nf6 17. Bc2 Ne8 18. Rd3 Qd8 19. Rfd1 Rc8 20. b3 Be6
21. Nc3 f5 22. exf5 Bxf5 23. Ne4 Qh4 24. Rg3 b5 25. Nxd6 Nxd6 26. Rxd6 bxc4 27. Qxe5
1-0

[Event "The Olympic Chess Games 1 / KO/ For All/ Have Fun"]
[Site "SchemingMind.com"]
[Date "2010.09.09"]
[Round "-"]
[White "reo"]
[Black "mmccaffe"]
[Result "1/2-1/2"]
[WhiteCountry "THA"]
[BlackCountry "USA"]
[WhiteElo "1775"]
[WhiteRD "82"]
[BlackElo "1704"]
[BlackRD "55"]
[GameID "259618"]

1. e4 e6 2. d4 d5 3. e5 c5 4. c3 Nc6 5. Nf3 Bd7 6. Be2 Nge7 7. O-O Nf5 8. Nbd2 cxd4 9. cxd4 Nfxd4 10. Nxd4 Nxd4
11. Nb3 Nxe2+ 12. Qxe2 a6 13. Rd1 Ba4 14. Qg4 Bxb3 15. axb3 Qb6 16. Rd3 g6 17. Bd2 Rc8 18. Qf4 Bg7 19. Bb4 Bf8 20. Ba5 Qb5
21. Rf3 Qd7 22. Qf6 Rg8 23. Qh4 Rh8 24. Rc3 Rxc3 25. bxc3 Be7 26. Qd4 Kf8 27. c4 Kg7 28. cxd5 Qxd5 29. Qxd5 exd5 30. Rd1 Rc8
31. g3 Bd8=
1/2-1/2

[Event "The Olympic Chess Games 1 / KO/ For All/ Have Fun"]
[Site "SchemingMind.com"]
[Date "2010.09.09"]
[Round "-"]
[White "mmccaffe"]
[Black "reo"]
[Result "1/2-1/2"]
[WhiteCountry "USA"]
[BlackCountry "THA"]
[WhiteElo "1704"]
[WhiteRD "55"]
[BlackElo "1775"]
[BlackRD "82"]
[GameID "259623"]

1. d4 d5 2. c4 c6 3. Nf3 Nf6 4. Nc3 e6 5. e3 Nbd7 6. Bd3 Bb4 7. a3 Bxc3+ 8. bxc3 O-O 9. O-O Ne4 10. Nd2 Ndf6
11. Nxe4 dxe4 12. Be2 Qa5 13. Bd2 e5 14. Qb3 Rb8 15. Qb4 Qc7 16. h3 exd4 17. cxd4 a5 18. Qc3 Rd8 19. f4 c5 20. d5 b6
21. Rab1 Ne8=
1/2-1/2

[Event "The Olympic Chess Games 1 / KO/ For All/ Have Fun"]
[Site "SchemingMind.com"]
[Date "2010.12.02"]
[Round "-"]
[White "Netferatu"]
[Black "mmccaffe"]
[Result "1-0"]
[WhiteCountry "ARG"]
[BlackCountry "USA"]
[WhiteElo "2330"]
[WhiteRD "110"]
[BlackElo "1726"]
[BlackRD "62"]
[GameID "268099"]

1. e4 c5 2. Nf3 d6 3. d4 cxd4 4. Nxd4 Nf6 5. Nc3 a6 6. Be3 e5 7. Nb3 Be7 8. Be2 O-O 9. O-O Be6 10. f4 exf4
11. Bxf4 Nc6 12. Kh1 Rc8 13. Qe1 Ne5 14. Rd1 Qc7 15. Qg3 Rfd8 16. Nd4 Nc4 17. Bh6 g6 18. Nxe6 fxe6 19. Qh3 Qd7 20. Na4 b5
21. Bxc4 Rxc4 22. Nb6 Qc7 23. Qxe6+ Kh8 24. Nxc4 bxc4 25. Rxf6 Bxf6 26. Qxf6+ Kg8 27. Rf1
1-0

[Event "The Olympic Chess Games 1 / KO/ For All/ Have Fun"]
[Site "SchemingMind.com"]
[Date "2010.11.28"]
[Round "-"]
[White "Giuseppe"]
[Black "Baeron"]
[Result "1-0"]
[WhiteCountry "ITA"]
[BlackCountry "SUI"]
[WhiteElo "2240"]
[WhiteRD "124"]
[BlackElo "2033"]
[BlackRD "100"]
[GameID "268100"]

1. e4 e6 2. d4 d5 3. e5 c5 4. Nf3 cxd4 5. Nxd4 Nc6 6. Nxc6 bxc6 7. Bd3 Ba6 8. O-O Bxd3 9. Qxd3 Ne7 10. Bg5 Qb6
11. Nc3 Ng6 12. Rae1 h6 13. Bc1 Be7 14. b3 O-O 15. Bd2 c5 16. a4 Rac8 17. a5 Qc6 18. f4 c4 19. bxc4 Qxc4 20. f5 Qxd3
21. cxd3 Bb4 22. fxg6 Bxc3 23. Bxc3 Rxc3 24. Rb1
1-0

[Event "The Olympic Chess Games 1 / KO/ For All/ Have Fun"]
[Site "SchemingMind.com"]
[Date "2010.12.02"]
[Round "-"]
[White "mmccaffe"]
[Black "Netferatu"]
[Result "0-1"]
[WhiteCountry "USA"]
[BlackCountry "ARG"]
[WhiteElo "1726"]
[WhiteRD "62"]
[BlackElo "2330"]
[BlackRD "110"]
[GameID "268102"]

1. e4 c5 2. Nf3 e6 3. d4 cxd4 4. Nxd4 Nc6 5. Nb5 d6 6. c4 Nf6 7. N1c3 a6 8. Nd4 Be7 9. Be3 O-O 10. Be2 Bd7
11. Qd2 Nxd4 12. Bxd4 b5 13. f3 b4 14. Nd1 a5 15. O-O e5 16. Bf2 Qc7 17. Ne3 Rfc8 18. Nd5 Nxd5 19. cxd5 Qc2 20. Qd3 Qxb2
21. Rfb1 Qc2 22. Rc1 Qxc1+ 23. Rxc1 Rxc1+ 24. Bf1 Ra1 25. h3 a4 26. Kh2 b3 27. axb3 a3 28. Be2 a2 29. Qc3 Rb1
0-1

[Event "The Olympic Chess Games 1 / KO/ For All/ Have Fun"]
[Site "SchemingMind.com"]
[Date "2010.11.30"]
[Round "-"]
[White "Baeron"]
[Black "Giuseppe"]
[Result "0-1"]
[WhiteCountry "SUI"]
[BlackCountry "ITA"]
[WhiteElo "2047"]
[WhiteRD "97"]
[BlackElo "2218"]
[BlackRD "125"]
[GameID "268103"]

1. c4 e5 2. g3 d5 3. cxd5 Nf6 4. Bg2 Nxd5 5. Nf3 Nc6 6. Nc3 Nxc3 7. bxc3 Bc5 8. O-O O-O 9. d3 Be6 10. Ng5 Bg4
11. Rb1 Bb6 12. Re1 Qf6 13. Ne4 Qf5 14. Ba3 Rfd8 15. Nc5 Bxc5 16. Bxc5 e4 17. d4 b6 18. Qa4 Qe6
0-1

[Event "The Olympic Chess Games 1 / KO/ For All/ Have Fun"]
[Site "SchemingMind.com"]
[Date "2011.03.06"]
[Round "-"]
[White "Midlander"]
[Black "Giuseppe"]
[Result "1-0"]
[WhiteCountry "ENG"]
[BlackCountry "ITA"]
[WhiteElo "2269"]
[WhiteRD "87"]
[BlackElo "2182"]
[BlackRD "120"]
[GameID "277590"]

1. c4 Nf6 2. g3 d5 3. cxd5 c6 4. dxc6 Nxc6 5. Nc3 e5 6. Bg2 Bc5 7. Nf3 O-O 8. O-O Bf5 9. d3 Rc8 10. Bg5 h6
11. Be3 Bxe3 12. fxe3 Qb6 13. Qd2 Be6 14. Na4 Qb5 15. b3 b6 16. Rac1 Ng4 17. h3 Nf6 18. Nc3 Nb4 19. Nxb5
1-0

[Event "The Olympic Chess Games 1 / KO/ For All/ Have Fun"]
[Site "SchemingMind.com"]
[Date "2011.03.06"]
[Round "-"]
[White "Giuseppe"]
[Black "Midlander"]
[Result "1-0"]
[WhiteCountry "ITA"]
[BlackCountry "ENG"]
[WhiteElo "2164"]
[WhiteRD "109"]
[BlackElo "2256"]
[BlackRD "89"]
[GameID "277594"]

1. e4 e5 2. Nf3 Nc6 3. Bc4 Nf6 4. Ng5 d5 5. exd5 Na5 6. Bb5+ c6 7. dxc6 bxc6 8. Qf3 Rb8 9. Bxc6+ Nxc6 10. Qxc6+ Nd7
11. d3 Be7 12. Ne4 Rb6 13. Qa4 f5 14. Ned2 Bb7 15. Nc4 Bxg2 16. Nxb6 Bxh1 17. Nc4 O-O 18. Nc3 Bc5 19. Be3 Qe7 20. O-O-O Bf3
21. Re1 Bb4 22. Qb3 Kh8 23. Bxa7 Ra8 24. a3 Ba5 25. Nxa5 Rxa7 26. Nc4 Rb7 27. Qa4 Rb8 28. Qa5
1-0

[Event "The Olympic Chess Games 1 / KO/ For All/ Have Fun"]
[Site "SchemingMind.com"]
[Date "2011.06.07"]
[Round "-"]
[White "Midlander"]
[Black "Netferatu"]
[Result "1/2-1/2"]
[WhiteCountry "ENG"]
[BlackCountry "ARG"]
[WhiteElo "2253"]
[WhiteRD "86"]
[BlackElo "2384"]
[BlackRD "106"]
[GameID "285905"]

1. d4 Nf6 2. c4 e6 3. g3 d5 4. Nf3 dxc4 5. Bg2 Nc6 6. Qa4 Bb4+ 7. Bd2 Nd5 8. Bxb4 Nxb4 9. O-O Rb8 10. Na3 a6
11. Ne5 O-O 12. Nxc6 Nxc6 13. Bxc6 bxc6 14. Nxc4 Qxd4 15. Rfd1 Qc5 16. Rac1 Qb5 17. Qxb5 Rxb5 18. b3 f6 19. e4 e5 20. Ne3 c5
21. Rd5 Bb7 22. Rdxc5 Rxc5 23. Rxc5 Bxe4 24. Rxc7 Rd8 25. Ra7=
1/2-1/2

[Event "The Olympic Chess Games 1 / KO/ For All/ Have Fun"]
[Site "SchemingMind.com"]
[Date "2011.06.07"]
[Round "-"]
[White "Netferatu"]
[Black "Midlander"]
[Result "1-0"]
[WhiteCountry "ARG"]
[BlackCountry "ENG"]
[WhiteElo "2384"]
[WhiteRD "106"]
[BlackElo "2253"]
[BlackRD "86"]
[GameID "285909"]

1. e4 e6 2. d4 d5 3. e5 c5 4. c3 Nc6 5. Nf3 Bd7 6. Be2 f6 7. O-O Qc7 8. Bf4 Nge7 9. Bg3 Qb6 10. dxc5 Qxb2
11. Nbd2 Qxc3 12. Rb1 b6 13. Nb3 Ng6 14. Bb5 Ncxe5 15. Bxd7+ Kxd7 16. Bxe5 Nxe5 17. Nxe5+ fxe5 18. Qe2 Qc4 19. Qxe5 Qe4 20. c6+ Kxc6
21. Rfc1+ Kb7 22. Qc7+ Ka6 23. Qd7 Ba3 24. Nd2
1-0